Veinte años no es nada (Record no. 18845)

MARC details
000 -LEADER
campo de control de longitud fija 00825nam a2200241 i 4500
001 - NÚMERO DE CONTROL
campo de control 18845
003 - IDENTIFICADOR DE NÚMERO DE CONTROL
campo de control ES-MaACL
005 - FECHA Y HORA DE LA ÚLTIMA TRANSACCIÓN
campo de control 20250823063030.0
007 - CAMPO FIJO DE DESCRIPCIÓN FÍSICA--INFORMACIÓN GENERAL
campo de control de longitud fija t|
008 - DATOS DE LONGITUD FIJA--INFORMACIÓN GENERAL
campo de control de longitud fija 020321s1998 sp af |||| | spa j
020 ## - NÚMERO INTERNACIONAL ESTÁNDAR DEL LIBRO
Número Internacional Estándar del Libro 84-239-7766-8
080 ## - NÚMERO DE LA CLASIFICACIÓN DECIMAL UNIVERSAL
Número de la Clasificación Decimal Universal 32(460)"1975/..."
100 1# - ENTRADA PRINCIPAL--NOMBRE DE PERSONA
Nombre de persona Gutiérrez Suárez, José Luis
9 (RLIN) 61063
245 10 - MENCIÓN DEL TÍTULO
Título Veinte años no es nada
Resto del título : textos y pretextos de dos décadas de democracia (1977-1997) /
Mención de responsabilidad, etc. José Luis Gutiérrez ; prólogo de Luis María Ansón.
260 ## - PUBLICACIÓN, DISTRIBUCIÓN, ETC.
Lugar de publicación, distribución, etc. Madrid :
Nombre del editor, distribuidor, etc. Espasa-Calpe,
Fecha de publicación, distribución, etc. 1998.
300 ## - DESCRIPCIÓN FÍSICA
Extensión 341 p., [16] p. de lám ;
Dimensiones 22 cm.
490 1# - MENCIÓN DE SERIE
Mención de serie Espasa hoy
651 #4 - PUNTO DE ACCESO ADICIONAL DE MATERIA--NOMBRE GEOGRÁFICO
Nombre geográfico España-
Subdivisión general Política y gobierno-
Subdivisión cronológica 1975-1982.
9 (RLIN) 8447
700 0# - ENTRADA AGREGADA--NOMBRE PERSONAL
Nombre de persona Ansón, Luis María,
Fechas asociadas al nombre 1935-
9 (RLIN) 21849
830 0# - PUNTO DE ACCESO ADICIONAL DE SERIE-TÍTULO UNIFORME
Título uniforme Espasa hoy
9 (RLIN) 179010
852 ## - LOCALIZACIÓN
Ubicación ES-MaACL
Número de control de estantería G-4690
Holdings
Estatus retirado Estado de pérdida Estado de daño No para préstamo Biblioteca de origen Biblioteca actual Ubicación en estantería Fecha de adquisición Fuente de adquisición Total de préstamos Signatura topográfica completa Código de barras Visto por última vez Precio de reemplazo Tipo de ítem Koha
        Biblioteca del Ateneo de Madrid Biblioteca del Ateneo de Madrid Depósito 2 17/01/2008     G-4690 1019283 23/02/2023 23/02/2023 Libro impreso